Loading...
| Literature - American | 0 | 10 | 1 | 0 | 95 | 48 | 82.50 | 4 | 9 | 0.00 | 0.00 |
| Literature - British | 0 | 9 | 1 | 2 | 85 | 65 | 86.33 | 5 | 9 | 0.00 | 0.00 |
| Literature - World | 0 | 6 | 2 | 0 | 50 | 55 | 99.50 | 2 | 5 | 0.00 | 0.00 |
| Social Science | 0 | 4 | 0 | 3 | 40 | 90 | 112.50 | 0 | 1 | 0.00 | 0.00 |
| Fine Arts - Painting and Sculpture | 0 | 4 | 0 | 0 | 40 | 50 | 85.50 | 0 | 4 | 0.00 | 0.00 |
| Literature - European | 0 | 5 | 4 | 0 | 30 | 44 | 94.20 | 1 | 5 | 0.00 | 0.00 |
| Fine Arts - Other | 0 | 3 | 1 | 0 | 25 | 50 | 76.00 | 1 | 3 | 0.00 | 0.00 |
| History - American | 0 | 1 | 0 | 0 | 10 | 81 | 81.00 | 0 | 1 | 0.00 | 0.00 |
| Religion | 0 | 1 | 0 | 1 | 10 | 129 | 129.00 | 0 | 1 | 0.00 | 0.00 |
| Mythology | 0 | 1 | 0 | 1 | 10 | 134 | 134.00 | 0 | 0 | 0.00 | 0.00 |
| History - Other | 0 | 1 | 1 | 0 | 5 | 93 | 93.00 | 0 | 1 | 0.00 | 0.00 |
| Philosophy | 0 | 1 | 1 | 0 | 5 | 139 | 139.00 | 0 | 0 | 0.00 | 0.00 |
| Fine Arts - Classical Music | 0 | 0 | 2 | 0 | -10 | 0.00 | 0 | 0 | 0.00 | 0.00 |